Public administration in India: (Record no. 179287)

MARC details
000 -LEADER
fixed length control field 00606nam a22001937a 4500
005 - DATE AND TIME OF LATEST TRANSACTION
control field 20210604142116.0
010 ## - LCCN (DPL NO)
LC control number B-739983
020 ## - INTERNATIONAL STANDARD BOOK NUMBER
International Standard Book Number 9780333934593
Terms of availability 215.00
035 ## - SYSTEM CONTROL NUMBER
System control number B-739983
037 ## - SOURCE OF ACQUISITION
Source of stock number/acquisition Gift
082 ## - DEWEY DECIMAL CLASSIFICATION NUMBER
Classification number 350.00954
100 ## - MAIN ENTRY--PERSONAL NAME
Personal name Maheshwari, S.R.
245 ## - TITLE STATEMENT
Title Public administration in India:
Remainder of title an introduction /
Statement of responsibility, etc by S.R. Maheshwari
260 ## - PUBLICATION, DISTRIBUTION, ETC. (IMPRINT)
Place of publication, distribution, etc Chennai
Name of publisher, distributor, etc Macmillan Publishers
Date of publication, distribution, etc 2011
300 ## - PHYSICAL DESCRIPTION
Extent x, 400p.
Dimensions 21cm(pbk)
500 ## - GENERAL NOTE
General note Includes index
942 ## - ADDED ENTRY ELEMENTS (KOHA)
Source of classification or shelving scheme Dewey Decimal Classification
Item type English Books
Call number suffix MAH
Classification part 350.00954
Holdings
Withdrawn status Lost status Not for loan Collection code Home library Current library Date acquired Source of acquisition Cost, normal purchase price Full call number Barcode Copy number Cost, replacement price Koha item type Public note
      Non-fiction Ashok Vihar Ashok Vihar 04/06/2021 Gift/Eng/03-05-2021 215.00 350.00954 MAH B-739983 1 215.00 English Books Gift

© Delhi Public Library
Hit Counter
free hit counter